000
00304 a2200121 4500
000
nam a22 7a 4500
005
20260207145952.0
020
_a
9789348433855
100
_a
Vasudevsharan Agrawal
_9
1114364
245
_a
Paninikalin Bharatvarsh
260
_b
Shivalik Prakashan
_c
2025
942
_c
TEXL
999
_c
1678908
_d
1678908